[Event "FISCA Online op"]
[Site "Chess.com INT"]
[Date "2020.06.27"]
[Round "8"]
[White "Ceres, Dragos"]
[Black "Mahi, Amit Doshi"]
[Result "1-0"]
[WhiteElo "2244"]
[BlackElo "1502"]
[PlyCount "51"]
[EventDate "2020.06.19"]
[EventType "swiss"]
[EventRounds "9"]
[EventCountry "ROU"]
[SourceTitle "CBM 197 Extra"]
[Source "ChessBase"]
[SourceDate "2020.09.30"]
[SourceVersion "1"]
[SourceVersionDate "2020.09.30"]
[SourceQuality "1"]

1. e4 c6 2. d4 d5 3. e5 c5 4. dxc5 e6 5. a3 Bxc5 6. b4 Bb6 7. Qg4 Ne7 8. Nf3 Ng6 9. Bd3 Nc6 10. Bb2 Bc7 11. 0-0 Bd7 12. h4 Qb8 13. Re1 0-0 14. Qh5 Nce7 15. Nc3 h6 16. Bc1 a5 17. Bxh6 axb4 18. Bg5 f6 19. exf6 gxf6 20. Bxg6 Nxg6 21. Qxg6+ Kh8 22. Bxf6+ Rxf6 23. Qxf6+ Kg8 24. Nxd5 exd5 25. Re7 Qf8 26. Qg6+ 1-0

[Event "FISCA Online op"]
[Site "Chess.com INT"]
[Date "2020.06.25"]
[Round "6"]
[White "Aggarwal, Vansh"]
[Black "Mahi, Amit Doshi"]
[Result "0-1"]
[WhiteElo "1922"]
[BlackElo "1502"]
[PlyCount "68"]
[EventDate "2020.06.19"]
[EventType "swiss"]
[EventRounds "9"]
[EventCountry "ROU"]
[SourceTitle "CBM 197 Extra"]
[Source "ChessBase"]
[SourceDate "2020.09.30"]
[SourceVersion "1"]
[SourceVersionDate "2020.09.30"]
[SourceQuality "1"]

1. e4 c6 2. d4 d5 3. Nd2 dxe4 4. Nxe4 Bf5 5. Ng3 Bg6 6. h4 h6 7. Nf3 Nf6 8. Ne5 Bh7 9. Bd3 Bxd3 10. Qxd3 e6 11. Bf4 Qa5+ 12. Bd2 Bb4 13. c3 Be7 14. 0-0 Nbd7 15. Rfe1 Nxe5 16. dxe5 Nd7 17. b4 Qd5 18. Qxd5 cxd5 19. h5 0-0 20. Rad1 Rfc8 21. f4 a5 22. a3 Nb6 23. Ne2 axb4 24. axb4 Nc4 25. g3 Bd8 26. Nd4 Bb6 27. Bc1 Na3 28. Bb2 Nc2 29. Re2 Nxd4 30. cxd4 Rc4 31. g4 Rxb4 32. Bc3 Rb3 33. Rc2 Rc8 34. Rdc1 Rbxc3 0-1

[Event "FISCA Online U14 op"]
[Site "Chess.com INT"]
[Date "2020.05.15"]
[Round "7"]
[White "Popescu, Alexandru Mihai"]
[Black "Mahi, Amit Doshi"]
[Result "1-0"]
[WhiteElo "1360"]
[BlackElo "1502"]
[PlyCount "55"]
[EventDate "2020.05.09"]
[EventType "swiss"]
[EventRounds "9"]
[EventCountry "ROU"]
[SourceTitle "EXT 2021"]
[Source "ChessBase"]
[SourceDate "2020.10.23"]
[SourceVersion "1"]
[SourceVersionDate "2020.10.23"]
[SourceQuality "1"]

1. e4 c6 2. d4 d5 3. exd5 cxd5 4. c4 Nc6 5. Nc3 Nf6 6. Bg5 Be6 7. Nge2 Qd7 8. Nf4 Qd6 9. Qd2 Bf5 10. Bxf6 exf6 11. cxd5 Nb4 12. Bb5+ Bd7 13. Bxd7+ Qxd7 14. a3 Na6 15. 0-0 Be7 16. Rfe1 0-0 17. Qe3 Bd6 18. Nd3 Nc7 19. Nc5 Qc8 20. N5e4 Qd8 21. Nxd6 Qxd6 22. Qe7 Rad8 23. Qxd6 Rxd6 24. Re7 Nxd5 25. Nxd5 Rxd5 26. Rxb7 Rxd4 27. Rxa7 Rd2 28. Rb7 1-0

[Event "FISCA Online U14 op"]
[Site "Chess.com INT"]
[Date "2020.05.12"]
[Round "4"]
[White "Mahi, Amit Doshi"]
[Black "Burja Udrea, Razvan Andrei"]
[Result "1-0"]
[WhiteElo "1502"]
[BlackElo "1246"]
[PlyCount "71"]
[EventDate "2020.05.09"]
[EventType "swiss"]
[EventRounds "9"]
[EventCountry "ROU"]
[SourceTitle "EXT 2021"]
[Source "ChessBase"]
[SourceDate "2020.10.23"]
[SourceVersion "1"]
[SourceVersionDate "2020.10.23"]
[SourceQuality "1"]

1. d4 d5 2. c4 e6 3. Nf3 Be7 4. g3 Nf6 5. Bg2 0-0 6. 0-0 b6 7. cxd5 exd5 8. Qc2 Bb7 9. Bf4 Bd6 10. Ne5 Nbd7 11. Nc3 Re8 12. Nxd7 Qxd7 13. Bxd6 cxd6 14. Qb3 Rac8 15. e3 Ba6 16. Rfe1 Bc4 17. Qb4 Ne4 18. Rac1 Nxc3 19. Rxc3 Qe6 20. b3 Ba6 21. Rec1 h6 22. Qa4 Rxc3 23. Rxc3 Rc8 24. Qb4 Kh7 25. h4 Bb7 26. Rxc8 Bxc8 27. Qa4 Qf5 28. Qxa7 Qb1+ 29. Kh2 Qe1 30. Qxf7 Qe2 31. Bxd5 Qg4 32. Qg8+ Kg6 33. Qe8+ Kh7 34. Bg8+ Kh8 35. Bf7+ Kh7 36. Qg8# 1-0

[Event "Mumbai Wealth U13 op 5th"]
[Site "Mumbai"]
[Date "2020.01.03"]
[Round "5"]
[White "Mahi, Amit Doshi"]
[Black "Renganayaki, Venkatesh"]
[Result "1/2-1/2"]
[WhiteElo "1520"]
[BlackElo "1797"]
[PlyCount "67"]
[EventDate "2019.12.30"]
[EventType "swiss"]
[EventRounds "9"]
[EventCountry "IND"]
[SourceTitle "CBM 194 Extra"]
[Source "ChessBase"]
[SourceDate "2020.03.31"]
[SourceVersion "1"]
[SourceVersionDate "2020.03.31"]
[SourceQuality "1"]

1. d4 d5 2. c4 e6 3. Nc3 Nf6 4. cxd5 exd5 5. Bf4 c6 6. e3 Be7 7. Bd3 0-0 8. Nge2 Nbd7 9. Qc2 Re8 10. 0-0 Nf8 11. Rab1 Ng6 12. Bg3 b6 13. b4 Bb7 14. Rfc1 Bf8 15. b5 c5 16. dxc5 bxc5 17. Rd1 Qe7 18. h3 Rad8 19. b6 a6 20. Bc7 Ra8 21. Bxg6 hxg6 22. Nf4 d4 23. exd4 cxd4 24. Rxd4 Qc5 25. Qd2 Qc6 26. Ncd5 Nxd5 27. Nxd5 Qe6 28. Nf4 Qf5 29. Rd1 Be7 30. Qd3 Qa5 31. Qd2 Qf5 32. Qd3 Qa5 33. Qd2 Qf5 34. Qd3 1/2-1/2

[Event "Gibraltar Amateur op-B"]
[Site "Caleta"]
[Date "2019.01.28"]
[Round "3"]
[White "Mahi, Amit Doshi"]
[Black "Manukonda, Arun"]
[Result "0-1"]
[WhiteElo "1469"]
[BlackElo "1814"]
[PlyCount "66"]
[EventDate "2019.01.26"]
[EventType "swiss"]
[EventRounds "5"]
[EventCountry "GGB"]
[SourceTitle "CBM 188 Extra"]
[Source "ChessBase"]
[SourceDate "2019.02.26"]
[SourceVersion "1"]
[SourceVersionDate "2019.02.26"]
[SourceQuality "1"]

1. d4 c5 2. d5 e5 3. c4 d6 4. Nc3 g6 5. Nf3 Bg7 6. g3 f5 7. Qc2 Nf6 8. Bg2 0-0 9. 0-0 a6 10. a3 e4 11. Ne1 Ng4 12. Bh3 h5 13. Ng2 Ne5 14. Nf4 Qf6 15. Na4 b5 16. Nb6 Ra7 17. Nxc8 Rxc8 18. cxb5 axb5 19. Ne6 Bh8 20. Bd2 Nbd7 21. Qb3 Qf7 22. Bc3 Rb8 23. Rfd1 Nf8 24. Nxf8 Qxf8 25. Bxe5 Bxe5 26. e3 h4 27. Bf1 hxg3 28. hxg3 c4 29. Qc2 Rh7 30. Bxc4 Qh6 31. Kf1 Qh1+ 32. Ke2 Qf3+ 33. Kd2 bxc4 0-1

[Event "Mumbai Wealth op U13 4th"]
[Site "Mumbai"]
[Date "2019.01.07"]
[Round "9"]
[White "Mahi, Amit Doshi"]
[Black "Tambe, Shardul"]
[Result "1/2-1/2"]
[WhiteElo "1551"]
[BlackElo "1250"]
[PlyCount "93"]
[EventDate "2018.12.30"]
[EventType "swiss"]
[EventRounds "9"]
[EventCountry "IND"]
[SourceTitle "CBM 188 Extra"]
[Source "ChessBase"]
[SourceDate "2019.02.26"]
[SourceVersion "1"]
[SourceVersionDate "2019.02.26"]
[SourceQuality "1"]

1. d4 d5 2. Bf4 Nf6 3. e3 e6 4. Nf3 c5 5. c3 Nc6 6. Nbd2 Be7 7. h3 h6 8. Bd3 0-0 9. 0-0 Bd6 10. Bxd6 Qxd6 11. Re1 e5 12. dxe5 Nxe5 13. Nxe5 Qxe5 14. Nf3 Qc7 15. Qc2 Re8 16. Rad1 Bd7 17. c4 dxc4 18. Bxc4 b5 19. Bd5 Rac8 20. Nh4 Be6 21. Bxe6 Rxe6 22. Qd3 c4 23. Qc2 Qa5 24. a3 c3 25. Nf5 g6 26. Nd4 Ree8 27. Ra1 cxb2 28. Qxb2 Nd7 29. Qxb5 Qc7 30. a4 Re5 31. Qd3 Nc5 32. Qc3 Ne6 33. Qxc7 Rxc7 34. Nb5 Rd7 35. Rec1 a6 36. Na3 Rc5 37. Rxc5 Nxc5 38. Nc4 Rb7 39. a5 Nb3 40. Ra2 Nc5 41. Kf1 Ne4 42. Rb2 Rc7 43. Rb4 Rxc4 44. Rb6 Kg7 45. Rxa6 Ra4 46. Ra8 Ra2 47. a6 1/2-1/2

[Event "Mumbai Wealth op U13 4th"]
[Site "Mumbai"]
[Date "2019.01.05"]
[Round "7"]
[White "Mahi, Amit Doshi"]
[Black "Tawade, Arnav"]
[Result "0-1"]
[WhiteElo "1551"]
[BlackElo "1285"]
[PlyCount "118"]
[EventDate "2018.12.30"]
[EventType "swiss"]
[EventRounds "9"]
[EventCountry "IND"]
[SourceTitle "CBM 188 Extra"]
[Source "ChessBase"]
[SourceDate "2019.02.26"]
[SourceVersion "1"]
[SourceVersionDate "2019.02.26"]
[SourceQuality "1"]

1. d4 d5 2. Bf4 Nf6 3. e3 c5 4. c3 Nc6 5. Nd2 Bf5 6. Ngf3 e6 7. Be2 Qb6 8. Qc1 h6 9. h3 c4 10. 0-0 Be7 11. Ne5 Nxe5 12. Bxe5 Qc6 13. Re1 0-0 14. Bd1 b5 15. a3 a5 16. Bc2 Bxc2 17. Qxc2 Nd7 18. Bg3 Bd6 19. Bxd6 Qxd6 20. e4 Rfb8 21. e5 Qb6 22. b4 axb4 23. axb4 Ra6 24. Qb2 Rba8 25. Nf1 Qa7 26. Rxa6 Qxa6 27. Ne3 Qa2 28. Qxa2 Rxa2 29. Rc1 Nb6 30. Kf1 Na4 31. Ke1 Nb6 32. Nc2 Na4 33. Kd2 Kf8 34. Ra1 Rxa1 35. Nxa1 Nb6 36. Nc2 Na8 37. Ke3 Ke7 38. Kf4 g6 39. Ne3 Nb6 40. Nd1 Na4 41. Ke3 Nb6 42. Kd2 Na4 43. Kc2 Kf8 44. Ne3 h5 45. g4 Kg7 46. f4 Nb6 47. Kd2 Kh6 48. gxh5 Kxh5 49. Ng4 Nd7 50. Ke3 Kh4 51. Nh2 Kxh3 52. Nf3 f6 53. exf6 Nxf6 54. Ng5+ Kg4 55. Nxe6 Ne4 56. Nc7 Nxc3 57. Kd2 Ne4+ 58. Ke3 c3 59. Nxb5 c2 0-1

[Event "Mumbai Wealth op U13 4th"]
[Site "Mumbai"]
[Date "2019.01.04"]
[Round "6"]
[White "Srivatsan, Karthikeyan"]
[Black "Mahi, Amit Doshi"]
[Result "1/2-1/2"]
[WhiteElo "1288"]
[BlackElo "1551"]
[PlyCount "89"]
[EventDate "2018.12.30"]
[EventType "swiss"]
[EventRounds "9"]
[EventCountry "IND"]
[SourceTitle "CBM 188 Extra"]
[Source "ChessBase"]
[SourceDate "2019.02.26"]
[SourceVersion "1"]
[SourceVersionDate "2019.02.26"]
[SourceQuality "1"]

1. e4 c6 2. d4 d5 3. exd5 cxd5 4. Bd3 Nc6 5. c3 Qc7 6. h3 Nf6 7. Nf3 e6 8. 0-0 Bd6 9. Re1 0-0 10. Bg5 Nd7 11. Na3 a6 12. Nc2 h6 13. Bd2 e5 14. dxe5 Ndxe5 15. Bf1 Bf5 16. Ne3 Be4 17. Nxe5 Nxe5 18. Qb3 Rad8 19. c4 dxc4 20. Bxc4 Nxc4 21. Nxc4 Bd5 22. Ba5 Qxa5 23. Nxa5 Bxb3 24. axb3 b6 25. Nc4 Bb4 26. Red1 b5 27. Ne5 Rxd1+ 28. Rxd1 Rc8 29. Nd3 Rd8 30. Kf1 Be7 31. Ke2 Bf6 32. Ra1 Rd6 33. Ra2 Bd8 34. b4 Re6+ 35. Kf1 Rc6 36. Nc5 Bf6 37. b3 Kf8 38. Rxa6 Rxa6 39. Nxa6 Be5 40. Ke2 Ke7 41. Kd3 Kd6 42. Nc5 Kd5 43. g3 Bd4 44. Ne4 f5 45. Nd6 1/2-1/2

[Event "Mumbai Wealth op U13 4th"]
[Site "Mumbai"]
[Date "2019.01.03"]
[Round "5"]
[White "Mahi, Amit Doshi"]
[Black "Pranav, V."]
[Result "0-1"]
[WhiteElo "1551"]
[BlackElo "2314"]
[PlyCount "91"]
[EventDate "2018.12.30"]
[EventType "swiss"]
[EventRounds "9"]
[EventCountry "IND"]
[SourceTitle "CBM 188 Extra"]
[Source "ChessBase"]
[SourceDate "2019.02.26"]
[SourceVersion "1"]
[SourceVersionDate "2019.02.26"]
[SourceQuality "1"]

1. d4 b6 2. Nf3 Bb7 3. Bf4 Nf6 4. Nbd2 g6 5. e3 Bg7 6. Be2 0-0 7. 0-0 d6 8. c3 Nbd7 9. Re1 Re8 10. Nc4 Ne4 11. h3 e5 12. Bh2 Qe7 13. Qc2 Ng5 14. Nxg5 Qxg5 15. Bg3 h5 16. Bf1 e4 17. a4 f5 18. a5 Rab8 19. a6 Bd5 20. Na3 h4 21. Bh2 Qd8 22. Nb5 Ra8 23. Qa4 Kh7 24. Bc4 Bc6 25. d5 Nc5 26. Qc2 Bd7 27. b4 Nd3 28. Reb1 Ne5 29. Be2 Rg8 30. Nd4 Qe7 31. Kf1 Qf7 32. Rd1 Rgf8 33. Rab1 Qxd5 34. f4 Nc4 35. Bxc4 Qxc4+ 36. Qe2 Qxe2+ 37. Kxe2 c5 38. bxc5 dxc5 39. Nc2 Ba4 40. Rdc1 Bxc3 41. Na3 Bf6 42. Nc4 Rfd8 43. Bg1 Bd7 44. Bf2 Bc8 45. Rb3 Bxa6 46. Ke1 0-1

[Event "Mumbai Wealth op U13 4th"]
[Site "Mumbai"]
[Date "2018.12.31"]
[Round "2"]
[White "Rout, Yashita"]
[Black "Mahi, Amit Doshi"]
[Result "1-0"]
[WhiteElo "1264"]
[BlackElo "1551"]
[PlyCount "125"]
[EventDate "2018.12.30"]
[EventType "swiss"]
[EventRounds "9"]
[EventCountry "IND"]
[SourceTitle "CBM 188 Extra"]
[Source "ChessBase"]
[SourceDate "2019.02.26"]
[SourceVersion "1"]
[SourceVersionDate "2019.02.26"]
[SourceQuality "1"]

1. e4 c6 2. d4 d5 3. Nc3 dxe4 4. Nxe4 Bf5 5. Ng3 Bg6 6. h4 h6 7. Nf3 Nf6 8. h5 Bh7 9. Bd3 Bxd3 10. Qxd3 e6 11. Bd2 c5 12. c3 Nc6 13. Be3 cxd4 14. cxd4 Bb4+ 15. Bd2 Bxd2+ 16. Qxd2 0-0 17. 0-0-0 Rc8 18. Kb1 Qb6 19. Ka1 Rfd8 20. Qf4 Nb4 21. Rd2 Qc6 22. Ne2 Nfd5 23. Qe4 f5 24. Qe5 Qa6 25. a3 Nd3 26. Rxd3 Qxd3 27. Qxe6+ Kh8 28. Ne5 Qa6 29. Nf7+ Kh7 30. Qxf5+ Kg8 31. Nxd8 Rxd8 32. Nf4 Nxf4 33. Qxf4 Qd3 34. Re1 Rxd4 35. Qb8+ Rd8 36. Qxb7 Qd2 37. Qb3+ Kh7 38. Qe3 Qxe3 39. Rxe3 Kg8 40. g4 Kf7 41. Ka2 Rd2 42. f3 Rd4 43. Kb3 Kf6 44. Kc3 Rf4 45. Kd3 Ra4 46. Re4 Ra5 47. f4 Rb5 48. b4 Rb6 49. a4 Rc6 50. Rc4 Rd6+ 51. Rd4 Rc6 52. b5 Rc1 53. Rd6+ Ke7 54. Ra6 Rd1+ 55. Ke4 Rd7 56. Kf5 Kf7 57. g5 hxg5 58. Kxg5 Rd5+ 59. f5 Rd7 60. a5 Rb7 61. b6 axb6 62. axb6 Ke7 63. Ra7 1-0

[Event "Barcelona Sant Marti op-B 19th"]
[Site "Barcelona"]
[Date "2017.07.15"]
[Round "3"]
[White "Mahi, Amit Doshi"]
[Black "Hinarejos Montano, Andres"]
[Result "1-0"]
[WhiteElo "1268"]
[BlackElo "1607"]
[PlyCount "69"]
[EventDate "2017.07.13"]
[EventType "swiss"]
[EventRounds "9"]
[EventCountry "ESP"]
[SourceTitle "EXT 2018"]
[Source "ChessBase"]
[SourceDate "2017.10.13"]
[SourceVersion "1"]
[SourceVersionDate "2017.10.13"]
[SourceQuality "1"]

1. d4 d5 2. c4 c6 3. Nf3 e6 4. e3 Be7 5. b3 Nf6 6. Bd3 h6 7. 0-0 0-0 8. Bb2 Nbd7 9. Nc3 Nh7 10. Qc2 f5 11. Rad1 Qe8 12. cxd5 cxd5 13. Nb5 Qf7 14. Ne5 Nxe5 15. dxe5 a6 16. Nd4 Rd8 17. f3 Ng5 18. e4 f4 19. exd5 Rxd5 20. h4 Nh3+ 21. gxh3 Bxh4 22. Bh7+ Kh8 23. Bg6 Qe7 24. Qg2 Bg3 25. Nf5 Qg5 26. Nxg3 Qxg6 27. Ne4 Qf7 28. Nd6 Qe7 29. Rxd5 exd5 30. Qg6 Be6 31. Nf5 Qd7 32. Nh4 Rg8 33. Kh1 Bf7 34. e6 Bxe6 35. Qxh6# 1-0